Analysis of Synchronization Algorithms for 5G NR / (Record no. 535937)

000 -LEADER
fixed length control field 00613nam a22001697a 4500
020 ## - INTERNATIONAL STANDARD BOOK NUMBER
Qualifying information Hard Cover.
082 ## - DEWEY DECIMAL CLASSIFICATION NUMBER
Classification number 621.3
100 ## - MAIN ENTRY--PERSONAL NAME
Personal name Rafay Hayat Ali ; Muhammad Bilal
245 ## - TITLE STATEMENT
Title Analysis of Synchronization Algorithms for 5G NR /
Statement of responsibility, etc. Hayat Ali, Rafay ; Muhammad Bilal
260 ## - PUBLICATION, DISTRIBUTION, ETC.
Place of publication, distribution, etc. Islamabad :
Name of publisher, distributor, etc. SEECS - NUST,
Date of publication, distribution, etc. 2019.
300 ## - PHYSICAL DESCRIPTION
Extent 61 p. : ill. ;
Dimensions 30cm.
650 ## - SUBJECT ADDED ENTRY--TOPICAL TERM
Topical term or geographic name entry element Electrical (Electronics) Engineering-Project Report.
700 ## - ADDED ENTRY--PERSONAL NAME
Personal name Dr. Fahd Ahmed Khan.
856 ## - Uniform Resource Identifier
Uniform Resource Identifier <a href="http://10.250.8.41:8080/xmlui/handle/123456789/29591">http://10.250.8.41:8080/xmlui/handle/123456789/29591</a>
942 ## - ADDED ENTRY ELEMENTS (KOHA)
Source of classification or shelving scheme
Koha item type Project Report
700 ## - ADDED ENTRY--PERSONAL NAME
-- 26879
Holdings
Withdrawn status Lost status Source of classification or shelving scheme Damaged status Not for loan Permanent Location Current Location Shelving location Date acquired Full call number Barcode Date last seen Price effective from Koha item type
WITHDRAWN         Central Library (CL) Central Library (CL) Thesis 09/29/2020 621.3 CL-BP-128 09/29/2020 09/29/2020 Project Report
© 2023 Central Library, National University of Sciences and Technology. All Rights Reserved.